Fahrenheit 451 = Fahrenheit 451 /

Obra de ciencia ficción en que se satiriza la sociedad contemporánea, donde se ha privilegiado a televisión sobre la lectura para cubrir las necesidades informativas y de entretenimiento de la población. En el mundo del futuro donde se ambienta la película, la lectura ha sido prohibida, por consider...

Whakaahuatanga katoa

I tiakina i:
Ngā taipitopito rārangi puna kōrero
Kaituhi matua: Truffaut, François (realización)
Ētahi atu kaituhi: Richard, Jean-Louis (guión) (guión), Truffaut, François (guión) (guión), Roeg, Nicolas (fotógrafo) (fotógrafo), Walton, Tony (vestuario) (vestuario), Noble, Thom (montaje) (montaje), Herrmann, Bernard (música) (música), Werner, Oskar (actuación) (actuación), Christie, Julie (actuación) (actuación), Cusack, Cyril (actuación) (actuación), Christie, Julie (comentarios) (comentarios), Noble, Thom (comentarios) (comentarios), Allen, Lewis M. (comentarios) (comentarios), Bouzereau, Laurent (realización) (realización), Bouzereau, Laurent (guión) (guión), Osment, Michael (fotógrafo) (fotógrafo), Palmer, David (montaje) (montaje), Siegel, Ron (fotógrafo) (fotógrafo), Meagher, Chris (fotógrafo) (fotógrafo)
Hōputu: Reti
Reo:Ingarihi
I whakaputaina: Gran Bretaña : Universal City, EUA : Vineyard Film ; Universal Pictures, c1966-2002
Ngā marau:
Ngā Tūtohu: Tāpirihia he Tūtohu
Kāore He Tūtohu, Me noho koe te mea tuatahi ki te tūtohu i tēnei pūkete!

MARC

LEADER 00000ngm^a2200000^a^4500
001 000183591
005 20251020000000.0
009 20260310102044.915
020 |a 0-7832-5535-7 
037 |a Acervo ITESO - Biblioteca 
041 |a ING 
082 |a 820.  |b TRU 
100 |a Truffaut, François  |e (realización) 
240 1 1 |a [Fahrenheit 451] 
240 1 1 |a [Fahrenheit 451. Adaptaciones] 
245 1 0 |a Fahrenheit 451 =  |b Fahrenheit 451 /  |c Realización de F. Truffaut. 
264 4 |a Gran Bretaña :  |b Vineyard Film ;  |a Universal City, EUA :  |b Universal Pictures,  |c c1966-2002 
264 2 |a Universal City, EUA :  |b Universal Pictures [distribución],  |c 2003, c2003 
300 |a 1 DVD región 1 (112, 11, 44, 17 min.) :  |b color +  |e 1 lámina 
336 |a imagen móvil bidimensional  |b tdi  |2 rdacontenido 
337 |a video  |b v  |2 rdamedio 
338 |a videodisco  |b vd  |2 rdasoporte 
500 |a Basado en: Fahrenheit 451, de Ray Bradbury 
520 |a Obra de ciencia ficción en que se satiriza la sociedad contemporánea, donde se ha privilegiado a televisión sobre la lectura para cubrir las necesidades informativas y de entretenimiento de la población. En el mundo del futuro donde se ambienta la película, la lectura ha sido prohibida, por considerársele una actividad peligrosa y hasta subversiva: los bomberos deberán quemar todos los libros; el papel arde a los 451 grados Fahrenheit. Quinto de los 21 largometrajes dirigidos por el parisino François Truffaut, basado en la celebre novela distópica (1953) del norteamericano Ray Bradbury (1920-2012) y la única de sus películas hablada en inglés. 
520 |a Suplementos y características especiales (en inglés, sin subtítulos o traducción): 1) Opción de reproducir la película acompañada de un comentario de la actriz protagonista Julie Christie, el montador Thom Noble y el productor Lewis M. Allen; 2) Fahrenheit 451: The Novel: A Discussion with Author Ray Bradbury (11 min., 2002), entrevista con el escritor estadounidense; 3) The Making of Fahrenheit 451 (44 min., 2002), mediometraje documental detrás de cámaras retrospectivo, con testimonios de Allen, Noble, Bradbury y Annette Insdorf, autora de un estudio sobre François Truffaut (1978), reeditado en varias ocasiones; 4) The Music of Fahrenheit 451 (17 min., 2002), reportaje sobre el reputado compositor neoyorkino Bernard Herrmann (1911-1975) –colaborador de primer orden en varias de las obras maestras de Hitchcock y quien participó nuevamente con Truffaut en La novia vestía de negro (1967)- con el testimonio de Steven C. Smith, autor de la biografía A Heart at Fire's Center: The Life and Music of Bernard Herrmann (1991); 5) Secuencia original de créditos iniciales (1 min.), muy recordados por el hecho de que en vez de estar escritos, son leídos por una voz fuera de cuadro; 6) Galería con 51 carteles, materiales promocionales y fotografías de la película y del rodaje (5 min.); 7) Avance cinematográfico original (3 min.) y 8) Hoja con índice de escenas. 
545 0 |a Nacido en 1932 y fallecido en 1984, François Truffaut es autor de una obra fílmica cuya importancia está asentada en sus películas, pero también en la producción escrita resultante de su ejercicio como crítico y de la cinefilia que presidió toda su vida. Hijo fílmico del gran crítico André Bazin, Truffaut formó parte del grupo que está en el origen del equipo de redacción de la influyente revista Cahiers du cinéma, de la formulación de la teoría del cine de autor y de la gran renovación que fue el movimiento de la Nueva Ola del cine francés. Tras realizar un par de cortometrajes, recibió el premio mejor dirección en el Festival de Cannes y el reconocimiento internacional por Los 400 golpes (1959), el primero de cinco largometrajes que protagonizó el personaje de Antoine Doinel, su alter ego. Jules y Jim (1961), El niño salvaje (1969), Las dos inglesas y el continente (1971), La noche americana (1973), La historia de Adèle H. (1975), La piel dura (1975) y El último metro (1980) forman parte de una obra fílmica, sincera y personal, entre cuyas características se destacan el gusto por la narración y el registro del mundo cotidiano e íntimo. Quizás menos conocida, su producción bibliográfica acoge un título central en la historia del cine: El cine según Hitchcock, rebautizado en su edición definitiva Truffaut-Hitchcock, una serie de conversaciones que sostuvo con su admirado colega inglés Alfred Hitchcock, que devino libro modelo para estudios similares sobre otros directores de cine. 
546 |a En inglés, con subtítulos opcionales: español, francés, inglés 
585 |a Exposición DIA 2022-04/05 / De paseo con los libros por la ruta del placer 
649 |a XX 
650 |a Cineastas Franceses 
650 |a Músicos Norteamericanos 
650 |a Escritores Norteamericanos -  |x Entrevistas 
650 |a Ficción Distópica 
650 |a Películas de Ciencia-Ficción 
650 |a Making Of (Documentales detrás de Cámaras) 
650 |a Música y Medios Audiovisuales -  |x Historia y Crítica 
650 |a Cine Inglés -  |y 1960-1969 
650 |a Cine Inglés -  |y Siglo XX 
650 |a Cine Inglés -  |x Historia y Crítica 
650 |a Novela Norteamericana -  |x Adaptaciones para Cine 
650 |a Novela Norteamericana -  |x Historia y Crítica 
650 |a Literatura Norteamericana -  |y Siglo XX -  |x Adaptaciones para Cine 
650 |a Literatura Norteamericana -  |x Historia y Crítica 
650 |a Literatura y Cine 
650 |a Lectura 
650 |a Bibliofilia 
650 |a Libros Condenados y/o Prohibidos en el Cine 
650 |a Libros -  |x Aspectos Sociales y Culturales -  |x Tema Principal 
650 |a Televisión -  |x Función Informativa 
650 |a Medios de Comunicación -  |x Función Informativa 
650 |a Comunicación Masiva 
650 |a Censura 
650 |a Libertad de Información 
650 |a Comunicación y Política 
650 |a Totalitarismo 
650 |a Bradbury, Ray 
650 |a Herrmann, Bernard 
650 |a Truffaut, François 
700 |a Richard, Jean-Louis  |e (guión) 
700 |a Truffaut, François  |e (guión) 
700 |a Roeg, Nicolas  |e (fotógrafo) 
700 |a Walton, Tony  |e (vestuario) 
700 |a Noble, Thom  |e (montaje) 
700 |a Herrmann, Bernard  |e (música) 
700 |a Werner, Oskar  |e (actuación) 
700 |a Christie, Julie  |e (actuación) 
700 |a Cusack, Cyril  |e (actuación) 
700 |a Christie, Julie  |e (comentarios) 
700 |a Noble, Thom  |e (comentarios) 
700 |a Allen, Lewis M.  |e (comentarios) 
700 |a Bouzereau, Laurent  |e (realización) 
700 |a Bouzereau, Laurent  |e (guión) 
700 |a Osment, Michael  |e (fotógrafo) 
700 |a Palmer, David  |e (montaje) 
700 |a Siegel, Ron  |e (fotógrafo) 
700 |a Meagher, Chris  |e (fotógrafo) 
740 0 |a Fahrenheit 451 :  |b The Novel: A Discussion with Author Ray Bradbury /  |c Realización de L. Bouzereau. 
740 4 |a The Making of Fahrenheit 451 /  |c Realización de L. Bouzereau. 
740 4 |a The Music of Fahrenheit 451 /  |c Realización de L. Bouzereau. 
910 |a Fondo General 
920 |a Audiovisuales - DVDs 
940 |a Películas 
905 |a 302 
901 |a 0500088673  |b IT2  |c DVS  |u 20250521 
901 |a 0500240404  |b IT2  |c MIN  |u 20251020 
902 |a https://opac.biblio.iteso.mx/vufind/Record/000183591